Código de derecho canónico / (Record no. 44610)

MARC details
000 -LEADER
campo de control de longitud fija 00963nam a2200229 i 4500
001 - NÚMERO DE CONTROL
campo de control 44610
003 - IDENTIFICADOR DE NÚMERO DE CONTROL
campo de control ES-MaACL
005 - FECHA Y HORA DE LA ÚLTIMA TRANSACCIÓN
campo de control 20250808221308.0
007 - CAMPO FIJO DE DESCRIPCIÓN FÍSICA--INFORMACIÓN GENERAL
campo de control de longitud fija t|
008 - DATOS DE LONGITUD FIJA--INFORMACIÓN GENERAL
campo de control de longitud fija 030321s1945 sp ||||1| spa d
245 00 - MENCIÓN DEL TÍTULO
Título Código de derecho canónico /
Mención de responsabilidad, etc. texto latino y versión castellana con jurisprudencia y comentarios por Lorenzo Miguélez Domínguez, Sabino Alonso Morán y Marcelino Cabreros de Anta ; prólogo de José López Ortíz.
260 ## - PUBLICACIÓN, DISTRIBUCIÓN, ETC.
Lugar de publicación, distribución, etc. Madrid :
Nombre del editor, distribuidor, etc. [La Editorial Católica],
Fecha de publicación, distribución, etc. 1945 (
Fabricante Aldus S.A. de Artes Gráficas)
300 ## - DESCRIPCIÓN FÍSICA
Extensión XLV, 857 p. ;
Dimensiones 25 cm.
490 1# - MENCIÓN DE SERIE
Mención de serie Biblioteca de autores cristianos
700 1# - ENTRADA AGREGADA--NOMBRE PERSONAL
Nombre de persona Miguélez Domínguez, Lorenzo
9 (RLIN) 81048
700 1# - ENTRADA AGREGADA--NOMBRE PERSONAL
Nombre de persona Alonso Morán, Sabino,
Fechas asociadas al nombre 1890-
9 (RLIN) 20365
700 1# - ENTRADA AGREGADA--NOMBRE PERSONAL
Nombre de persona Cabreros de Anta, Marcelino
9 (RLIN) 33327
700 1# - ENTRADA AGREGADA--NOMBRE PERSONAL
Nombre de persona López Ortiz, José,
Fechas asociadas al nombre 1898-1992
9 (RLIN) 73849
830 00 - PUNTO DE ACCESO ADICIONAL DE SERIE-TÍTULO UNIFORME
Título uniforme Biblioteca de autores cristianos
9 (RLIN) 178679
852 ## - LOCALIZACIÓN
Ubicación ES-MaACL
Número de control de estantería B-10235
Sublocalización o colección R.21796
Holdings
Estatus retirado Estado de pérdida Estado de daño No para préstamo Biblioteca de origen Biblioteca actual Ubicación en estantería Fecha de adquisición Fuente de adquisición Total de préstamos Signatura topográfica completa Código de barras Visto por última vez Precio de reemplazo Tipo de ítem Koha
        Biblioteca del Ateneo de Madrid Biblioteca del Ateneo de Madrid Sala Pardo Bazán 17/01/2008     B-10235 1046952 23/02/2023 23/02/2023 Libro impreso